Fearless - Pink Floyd full Lyrics - Statistics

General Stats
  • This quiz has been taken 3 times
  • The average score is 107 of 143
Answer Stats
Answer % Correct
a
100%
above
100%
and
100%
And
100%
as
100%
clouds,
100%
day.
100%
day
100%
down,
100%
down
100%
faces
100%
for
100%
Go
100%
hear
100%
I
100%
in
100%
look
100%
my
100%
never
100%
of
100%
on,
100%
right
100%
see
100%
the
100%
time,
100%
to
100%
too
100%
who
100%
You
100%
you
100%
your
100%
alone,
67%
alone.
67%
climb
67%
climbing.
67%
crowd,
67%
crowd.
67%
fear
67%
heart,
67%
hill
67%
hill's
67%
Just
67%
like
67%
me
67%
own
67%
'round,
67%
say
67%
sound
67%
steep
67%
today.
67%
try
67%
(Walk
67%
walk
67%
way.
67%
with
67%
you'll
67%
chiding.
33%
choose
33%
crown?
33%
every
33%
Fearlessly
33%
fool
33%
frowning.
33%
hearing
33%
his
33%
hope
33%
idiot
33%
I'll
33%
is
33%
Liverpool!
33%
Liverpool!)
33%
magistrate
33%
pick
33%
place
33%
rise
33%
said
33%
smiling.
33%
things
33%
treeline
33%
turns
33%
wait
33%
wears
33%
while
33%
who's
33%
you'd
33%
brow,
0%
faced
0%
lines
0%
Merciless,
0%
No matching quizzes found
Score Distribution
Percent of People with Each Score
Percentile by Number Answered
Your Score History
You have not taken this quiz